000 00981nmc a2200325 a 4500
003 AR-BaBNM
005 20251128203411.0
008 097019s1946 ||||||||||||||000 | spa||
040 _cAR-BaBNM
100 1 _aIhering, Rudolf von
245 1 0 _aLa dogmática jurídica
_bseguida de un apéndice con las doctrinas de Ihering y Windscheid sobre el derecho subjetivo
250 _a2ª ed.
260 _aBuenos Aires
_bLosada
_c1946
300 0 _a231 p.
490 0 _aBiblioteca del instituto argentino de filosofía jurídica y social
500 0 _aIndice p. 229-231
650 4 _aDERECHO
650 4 _aFILOSOFIA DEL DERECHO
650 4 _aCONOCIMIENTO
650 4 _aHISTORIA
650 4 _aDERECHO ANTIGUO
650 4 _aJURISPRUDENCIA
650 4 _aTEORIA DEL DERECHO
650 4 _aTERMINOLOGIA
650 4 _aLEGISLACION
700 1 _aMartínez Paz, Enrique
_eprologuista
700 1 _aPríncipe y Satorres, Enrique
_etraductor
942 _cBK
998 _cAndrea
999 _c3217
_d3217